World Capitals Closest to Washington DC - distance order - Statistics

General Stats
  • This quiz has been taken 61 times
  • The average score is 12 of 20
Answer Stats
miles Capital km % Correct
456 Ottawa 735
100%
1137 Havana 1829
74%
957 Nassau 1541
74%
1435 Port-au-Prince 2309
70%
1447 Kingston 2328
68%
1476 Santo Domingo 2375
66%
1886 Mexico City 3034
64%
1725 Basseterre 2776
53%
1656 Belmopan 2665
53%
1970 Guatemala City 3010
53%
2074 Panama City 3338
53%
1888 Roseau 3039
53%
1895 San Salvador 3050
53%
1980 Castries 3187
51%
1763 St John's 2837
51%
1826 Tegucigalpa 2938
51%
2051 San José 3300
49%
1935 Managua 3115
47%
2061 Caracas 3317
45%
2026 Kingstown 3261
45%
No matching quizzes found
Score Distribution
Percent of People with Each Score
Percentile by Number Answered
Your Score History
You have not taken this quiz